000 00597nam a22001817a 4500
003 UA-OsUOA
001 18784
007 ta
008 20040612b un ||||| |||| 00| 0 ukr d
100 _aПогонська В.
942 _cSA
040 _aUA-OsUOA
_cUA-OsUOA
_dUA-OsUOA
245 _aБуло що показати , було на що подивитись
_b[на семінарі - презентації ВАТ "РЗВА"]
300 _aС.6
955 _a0
773 0 _w0
_tСім днів
_dРівне
_d2004
_g№22/28 трав./
650 7 _aКраєзнавча робота
_2UDC
999 _c304955
_d304955